Văn hóa Yên Hưng Di tích, văn lia, câu đối, đại tự
Giới thiệu về đình làng, chùa làng, đền, miếu, nghè; văn từ, văn chỉ, từ đường các dòng họ khác.
Đã lưu trong:
| Tác giả chính: | |
|---|---|
| Định dạng: | Sách |
| Năm xuất bản: |
H.
Dân trí
2011
|
| Chủ đề: | |
| Tags: |
Thêm thẻ
Không có thẻ, Hãy là người đầu tiên gắn thẻ bản ghi này!
|
| LEADER | 00747nam a2200169 4500 | ||
|---|---|---|---|
| 082 | |a 398.0959733 |b L250Đ | ||
| 100 | |a Lê Đồng Sơn | ||
| 245 | |a Văn hóa Yên Hưng |c Lê Đồng Sơn |b Di tích, văn lia, câu đối, đại tự | ||
| 260 | |a H. |b Dân trí |c 2011 | ||
| 300 | |a 655 tr. |c 21 cm. | ||
| 520 | |a Giới thiệu về đình làng, chùa làng, đền, miếu, nghè; văn từ, văn chỉ, từ đường các dòng họ khác. | ||
| 653 | |a Văn hóa dân gian | ||
| 653 | |a Hưng Yên | ||
| 653 | |a Việt Nam | ||
| 942 | |2 ddc |c SH | ||
| 999 | |c 8466 |d 8466 | ||
| 952 | |0 0 |1 0 |2 ddc |4 0 |6 398_095973300000000_L250Đ |7 0 |8 300 |9 70157 |a qbu |b qbu |c D2 |d 2015-04-08 |g 112000 |o 398.0959733 L250Đ |p 8126.c1 |r 0000-00-00 |w 2015-04-08 |y SH |0 0 |6 398_095973300000000_L250Đ | ||